Manchester United Squad 2014-2015 - Statistics

General Stats
  • This quiz has been taken 69 times
  • The average score is 21 of 32
Answer Stats
# Position Nation Player % Correct
1 GK Spain David de Gea
98%
6 DF Northern Ireland Jonny Evans
96%
7 FW Argentina Ángel Di María
93%
8 MF Spain Juan Mata
93%
4 DF England Phil Jones
93%
10 FW England Wayne Rooney
93%
5 DF Argentina Marcos Rojo
89%
31 MF Belgium Marouane Fellaini
89%
9 FW Colombia Radamel Falcao
89%
25 FW Ecuador Antonio Valencia
85%
12 DF England Chris Smalling
83%
- Coach Netherlands Louis van Gaal
83%
16 MF England Michael Carrick
83%
20 FW Netherlands Robin van Persie
83%
21 MF Spain Ander Herrera
80%
3 DF England Luke Shaw
76%
2 DF Brazil Rafael
76%
17 MF Netherlands Daley Blind
72%
18 FW England Ashley Young
70%
11 FW Belgium Adnan Januzaj
65%
35 MF England Jesse Lingard
65%
24 MF Scotland Darren Fletcher
57%
13 GK Denmark Anders Lindegaard
50%
33 DF Northern Ireland Patrick McNair
41%
32 GK Spain Victor Valdés
41%
48 FW Ireland Will Keane
39%
28 MF Brazil Anderson
37%
49 FW England James Wilson
35%
42 DF England Tyler Blackett
20%
40 GK England Ben Amos
13%
22 MF England Nick Powell
9%
36 DF Belgium Marnick Vermijl
7%
No matching quizzes found
Score Distribution
Percent of People with Each Score
Percentile by Number Answered
Your Score History
You have not taken this quiz